Compliance. Visión general desde una perspectiva penal y comercial

Guardat en:
Dades bibliogràfiques
Autors principals: Balmaceda Hoyos, Gustavo (Autor), Guerra Espinosa, Rodrigo Andrés (Autor), Juppet Ewing, María Fernanda (Autor)
Format: Llibre
Idioma:espanyol
Publicat: Santiago, Chile. Thomson Reuters- Legal Publishing, 2019
Edició:1a. ed
Matèries:
Etiquetes: Afegir etiqueta
Sense etiquetes, Sigues el primer a etiquetar aquest registre!

MARC

LEADER 00000cam a2200000 a 4500
001 UCC7424
003 CL-VaPUC
005 20211207100914.0
008 190329e20190000cl |||||||||||||||||spa|d
999 |c 374062  |d 374060 
020 |a 9789564000213 
040 |c Pontificia Universidad Católica de Valparaíso 
082 0 4 |a 345 BAL 2019  |2 21 
100 0 |a Balmaceda Hoyos, Gustavo  |e author  |9 254771 
245 1 0 |a Compliance.  |b Visión general desde una perspectiva penal y comercial 
250 |a 1a. ed 
260 |a Santiago, Chile.  |b Thomson Reuters-  |b Legal Publishing,  |c 2019 
300 |a 267 páginas  
583 |a last modification  |c 20190329 16:06:00  |k Rodrigo Vera 
650 0 |a Derecho penal  |2 CL-VaPUC  |9 11 
650 0 |a Estafa  |9 258622 
650 0 |a Malversación  |2 CL-VaPUC  |9 479985 
650 0 |a Delitos  |9 224143 
700 |a Guerra Espinosa, Rodrigo Andrés  |e author  |9 602026 
700 |a Juppet Ewing, María Fernanda  |e author  |9 602027 
852 |a BIBCUR 
942 |c BK  |2 ddc 
945 |d 20190329 16:06:00  |a dcastane 
952 |0 0  |1 0  |2 ddc  |4 0  |6 345_000000000000000_BAL_2019  |7 0  |8 A  |9 143374  |a BIBGIM  |b BIBGIM  |d 2019-11-07  |e 22  |g 30600.00  |i 5565553  |o 345 BAL 2019  |p 5565553  |r 2025-01-15  |v 30600.00  |w 2019-11-07  |y BK  |k COM 
952 |0 0  |1 0  |2 ddc  |4 0  |6 345_000000000000000_BAL_2019  |7 0  |8 A  |9 143375  |a BIBGIM  |b BIBGIM  |d 2019-11-07  |e 22  |g 30600.00  |i 556557K  |l 1  |o 345 BAL 2019  |p 556557K  |r 2025-01-15  |s 2024-08-19  |v 30600.00  |w 2019-11-07  |y BK  |k COM 
952 |0 0  |1 0  |2 ddc  |4 0  |6 345_000000000000000_BAL_2019  |7 0  |8 A  |9 143376  |a BIBGIM  |b BIBGIM  |d 2019-11-07  |e 22  |g 30600.00  |i 5565561  |o 345 BAL 2019  |p 5565561  |r 2025-01-15  |v 30600.00  |w 2019-11-07  |y BK  |k COM 
952 |0 0  |1 0  |2 ddc  |4 0  |6 345_000000000000000_BAL_2019  |7 0  |8 A  |9 143377  |a BIBGIM  |b BIBGIM  |d 2019-11-07  |e 22  |g 30600.00  |i 5565545  |o 345 BAL 2019  |p 5565545  |r 2025-01-15  |v 30600.00  |w 2019-11-07  |y BK  |k COM 
952 |0 0  |1 0  |2 ddc  |4 0  |6 345_000000000000000_BAL_2019  |7 0  |8 A  |9 143378  |a BIBGIM  |b BIBGIM  |d 2019-11-07  |e 22  |g 30600.00  |i 5565588  |l 1  |o 345 BAL 2019  |p 5565588  |r 2025-01-15  |s 2021-11-05  |v 30600.00  |w 2019-11-07  |y BK  |k COM 
952 |0 0  |1 0  |2 ddc  |3 erb  |4 0  |6 345_000000000000000_BAL_2019  |7 0  |8 A  |9 492420  |a BIBDER  |b BIBDER  |c GEN  |i 5539471  |l 16  |m 12  |o 345 BAL 2019  |p 5539471  |r 2024-09-13  |s 2024-09-06  |w 2019-11-24  |y BK  |z Catalogado en:20190329  |k DER 
952 |0 0  |1 0  |3 erb  |4 0  |6 345_000000000000000_BAL_2019  |7 0  |8 A  |9 492421  |a BIBGIM  |b BIBGIM  |i 5556384  |o 345 BAL 2019  |p 5556384  |r 2025-01-15  |w 2019-11-24  |y BK  |z Catalogado en:20190802  |k COM 
952 |0 0  |1 0  |2 ddc  |4 0  |6 345_000000000000000_BAL_2019  |7 0  |8 A  |9 591179  |a BIBDER  |b BIBDER  |c GEN  |d 2023-08-08  |e 31  |g 0.00  |i 5658348  |l 1  |m 4  |o 345 BAL 2019  |p 5658348  |r 2025-01-02  |s 2024-10-03  |t 8  |v 0.00  |w 2023-08-08  |y BK  |k DER